Kompendium der Betriebswirtschaftslehre
Na minha lista:
| Outros Autores: | |
|---|---|
| Formato: | Livro |
| Idioma: | alemão |
| Publicado em: |
München
Oldenbourg
1986
|
| Edição: | 3. Aufl. |
| Assuntos: | |
| Tags: |
Sem tags, seja o primeiro a adicionar uma tag!
|
MARC
| LEADER | 00000nam a2200000 4500 | ||
|---|---|---|---|
| 001 | c019302 | ||
| 005 | 20221220073847.6 | ||
| 020 | |a 3-486-20099-2 | ||
| 041 | 0 | |a ger | |
| 044 | |a DE | ||
| 245 | 1 | 0 | |a Kompendium der Betriebswirtschaftslehre |c Edit. Uwe Bestmann |
| 250 | |a 3. Aufl. | ||
| 264 | 1 | |a München |b Oldenbourg |c 1986 | |
| 300 | |a 666 s. | ||
| 610 | 2 | 0 | |a hospodárstvo podnikové |
| 610 | 2 | 0 | |a podnik |
| 610 | 2 | 0 | |a modely |
| 610 | 2 | 0 | |a produktivita |
| 610 | 2 | 0 | |a rovnováha finančná |
| 610 | 2 | 0 | |a produkcia |
| 610 | 2 | 0 | |a rozhodovanie |
| 610 | 2 | 0 | |a riziko |
| 610 | 2 | 0 | |a spoločnosti |
| 610 | 2 | 0 | |a koncerny |
| 610 | 2 | 0 | |a fúzie |
| 610 | 2 | 0 | |a komunikácia |
| 610 | 2 | 0 | |a kontrola |
| 610 | 2 | 0 | |a systémy riadenia |
| 610 | 2 | 0 | |a materiál |
| 610 | 2 | 0 | |a marketing |
| 610 | 2 | 0 | |a investície |
| 610 | 2 | 0 | |a financovanie |
| 610 | 2 | 0 | |a personál |
| 610 | 2 | 0 | |a účtovníctvo |
| 610 | 2 | 0 | |a účtovanie nákladov |
| 610 | 2 | 0 | |a bilancie |
| 610 | 2 | 0 | |a uzávierky |
| 610 | 2 | 0 | |a oceňovanie ekonomické |
| 700 | 1 | |a Bestmann, Uwe | |